| 000 | 00660nam a2200241Ia 4500 | ||
|---|---|---|---|
| 003 | OSt | ||
| 005 | 20221007082601.0 | ||
| 006 | a|||||r|||| 00| 0 | ||
| 007 | ta | ||
| 008 | 221006b |||||||| |||| 00| 0 eng d | ||
| 024 | _a9,965 | ||
| 037 | _cReference Collections | ||
| 040 |
_aFLL _cFLL _beng |
||
| 041 |
_2eng _aeng |
||
| 082 | _aZ73,7525, M9 | ||
| 100 |
_aImwinkelried Au. _9699178 |
||
| 245 | 0 | _aDynamics of trial practice problems and materials | |
| 260 | _c1989 | ||
| 300 |
_a414p _ccm. |
||
| 700 |
_a Carlson _9699179 |
||
| 942 |
_hZ73,7525, M9 _cREF _2CC |
||
| 999 |
_c1166949 _d1166949 |
||